[Event "FISCA Online op"]
[Site "Chess.com INT"]
[Date "2020.06.23"]
[Round "5"]
[White "Pantazi, Adrian"]
[Black "Efremov, Vladislav"]
[Result "1/2-1/2"]
[WhiteElo "1797"]
[BlackElo "2188"]
[PlyCount "68"]
[EventDate "2020.06.19"]
[EventType "swiss"]
[EventRounds "9"]
[EventCountry "ROU"]
[SourceTitle "CBM 197 Extra"]
[Source "ChessBase"]
[SourceDate "2020.09.30"]
[SourceVersion "1"]
[SourceVersionDate "2020.09.30"]
[SourceQuality "1"]

1. d4 d5 2. Bf4 Nf6 3. e3 c5 4. Nd2 Nc6 5. c3 e6 6. Ngf3 cxd4 7. exd4 Nh5 8. Be3 Bd6 9. Ne5 g6 10. g4 Ng7 11. h4 Nxe5 12. dxe5 Bxe5 13. Nf3 Bf6 14. h5 0-0 15. Qd2 d4 16. cxd4 b6 17. hxg6 fxg6 18. Rh3 Bb7 19. Bc4 Rc8 20. Rc1 b5 21. Bb3 Rxc1+ 22. Qxc1 a5 23. a3 a4 24. Ba2 Bd5 25. Bxd5 Qxd5 26. Qc3 Qe4 27. Rg3 Be7 28. Ke2 Bd6 29. Ne5 Qb7 30. Rf3 Rxf3 31. Nxf3 b4 32. axb4 Bxb4 33. Qc2 Bd6 34. Qxa4 Qxb2+ 1/2-1/2

[Event "FISCA Online op"]
[Site "Chess.com INT"]
[Date "2020.06.22"]
[Round "4"]
[White "Donici Maier, David"]
[Black "Pantazi, Adrian"]
[Result "0-1"]
[WhiteElo "1262"]
[BlackElo "1797"]
[PlyCount "125"]
[EventDate "2020.06.19"]
[EventType "swiss"]
[EventRounds "9"]
[EventCountry "ROU"]
[SourceTitle "CBM 197 Extra"]
[Source "ChessBase"]
[SourceDate "2020.09.30"]
[SourceVersion "1"]
[SourceVersionDate "2020.09.30"]
[SourceQuality "1"]

1. e4 c6 2. d4 d5 3. Nc3 dxe4 4. Nxe4 Bf5 5. Ng3 Bg6 6. h4 h6 7. Nf3 Nd7 8. h5 Bh7 9. Bd3 Bxd3 10. Qxd3 e6 11. Bd2 Ngf6 12. 0-0-0 Be7 13. c4 0-0 14. Ne2 Rc8 15. Kb1 a6 16. Rdg1 b5 17. g4 Nh7 18. Nh2 Ne5 19. Qc2 Nxc4 20. Bc1 Bf6 21. f4 Bxd4 22. Rd1 c5 23. Nf3 Qd5 24. Nh4 Nd6 25. Nc3 Qb7 26. g5 hxg5 27. fxg5 f5 28. g6 Nf6 29. h6 gxh6 30. Bxh6 Rfe8 31. Bc1 Ng4 32. Rhe1 Nf2 33. Rd2 Nfe4 34. Nxe4 Nxe4 35. Rh2 Bf6 36. Reh1 Bg7 37. Ng2 Nf6 38. Nf4 Qe4 39. Nh5 Qxc2+ 40. Kxc2 Ng4 41. Re2 Rcd8 42. b3 e5 43. Ng3 f4 44. Nf5 Nf6 45. Bb2 Rd5 46. Rhe1 f3 47. Rxe5 Rdxe5 48. Rxe5 Rxe5 49. Bxe5 f2 50. Ne3 Ng4 51. Nf1 Bxe5 52. Kd2 Kg7 53. Ke2 Bd4 54. a3 Ne3 55. Nxe3 Bxe3 56. Kf1 Kxg6 57. b4 c4 58. Ke2 c3 59. a4 c2 60. axb5 axb5 61. Kf1 c1Q+ 62. Kg2 f1Q+ 63. Kg3 0-1

[Event "Romania blitz online op final"]
[Site "Chess.com INT"]
[Date "2020.05.06"]
[Round "7"]
[White "Pantazi, Adrian"]
[Black "Stefan, Mihai"]
[Result "1/2-1/2"]
[WhiteElo "1797"]
[BlackElo "2059"]
[PlyCount "36"]
[EventDate "2020.05.06"]
[EventType "swiss (blitz)"]
[EventRounds "9"]
[EventCountry "ROU"]
[SourceTitle "CBM 196 Extra"]
[Source "ChessBase"]
[SourceDate "2020.07.31"]
[SourceVersion "1"]
[SourceVersionDate "2020.07.31"]
[SourceQuality "1"]

1. d4 Nf6 2. Bf4 c5 3. e3 d5 4. c3 Nc6 5. Nd2 e6 6. Ngf3 Bd6 7. Bg3 0-0 8. Bd3 b6 9. Qe2 a5 10. Rd1 Bb7 11. e4 Bxg3 12. hxg3 dxe4 13. Nxe4 g6 14. Nxf6+ Qxf6 15. Ne5 cxd4 16. Nd7 Qe7 17. Nxf8 Rxf8 18. 0-0 f5 1/2-1/2

[Event "Romania rapid online op final"]
[Site "Chess.com INT"]
[Date "2020.05.01"]
[Round "4"]
[White "Pantazi, Adrian"]
[Black "Iordachescu, George Matei"]
[Result "1/2-1/2"]
[WhiteElo "1797"]
[BlackElo "1391"]
[PlyCount "63"]
[EventDate "2020.05.01"]
[EventType "swiss (rapid)"]
[EventRounds "7"]
[EventCountry "ROU"]
[SourceTitle "CBM 196 Extra"]
[Source "ChessBase"]
[SourceDate "2020.07.31"]
[SourceVersion "1"]
[SourceVersionDate "2020.07.31"]
[SourceQuality "1"]

1. d4 d5 2. Bf4 e6 3. Nf3 Nf6 4. e3 Be7 5. Bd3 0-0 6. c3 b6 7. Qe2 Bb7 8. Nbd2 Nbd7 9. Rd1 c5 10. Ne5 Ne4 11. Nxe4 dxe4 12. Bc4 Nxe5 13. Bxe5 Qc8 14. 0-0 Rd8 15. Rfe1 Bd6 16. Bxd6 Rxd6 17. Bb3 Rd8 18. Rd2 a5 19. Red1 a4 20. Bc4 cxd4 21. Rxd4 Rxd4 22. Rxd4 a3 23. b3 b5 24. Bxb5 Qxc3 25. g3 h6 26. Kg2 Bd5 27. Bc4 Qb2 28. Rd2 Qe5 29. Rd1 Qb2 30. Rd2 Qe5 31. Rd1 Qb2 32. Rd2 1/2-1/2